[Event "NOR-ch Youth 2019"]
[Site "Skien"]
[Date "2019.11.09"]
[Round "5.9"]
[White "Nesse, David"]
[Black "Sjoberg, Isak"]
[Result "0-1"]
[WhiteElo "1848"]
[BlackElo "2247"]
[Annotator "TA"]
[PlyCount "58"]
[EventDate "2019.11.08"]
[EventType "swiss"]
[EventCountry "NOR"]
[SourceTitle "playchess.com"]
[Source "ChessBase"]
[SourceQuality "1"]

{[%evp 16,60,0,3,11,12,5,19,0,11,7,10,16,-10,-25,-18,0,-56,-64,-128,-19,-32,-29,-279,-269,-269,-269,-256,-259,-437,-277,-541,-441,-842,-864,-862,-852,-816,-811,-808,-749,-805,-806,-885,-863,-954,-948]} 1. e4 e5 2. Nf3 Nc6 3. Nc3 Nf6 4. d4 exd4 5. Nxd4 Bb4 6. Nxc6 bxc6 7. Bd3 d5 8. Bd2 O-O 9. O-O Re8 {C47: Scotch Four Knights and Four Knights with 4 g3} (9... Bxc3 {with more complications.} 10. Bxc3 Nxe4 11. Bxe4 dxe4 12. Qe2 Bf5) (9... Bxc3 10. Bxc3 Nxe4 11. Bxe4 dxe4 12. Qh5 Qd6 13. Rfe1 Re8 14. Re3 Re6 15. Rd1 Qe7 16. Rg3 Rg6 17. Qe5 {1-0 (52) Karjakin,S (2750)-Aronian,L (2765) Saint Louis 2019}) 10. Nxd5 Nxd5 11. exd5 Bxd2 {The position is equal.} 12. Qxd2 cxd5 13. Bb5 Re6 14. c4 $146 ({Predecessor:} 14. Rfe1 Rxe1+ 15. Rxe1 Be6 16. Rd1 Qd6 {½-½ (16) Bardi,M (2072)-Gazzarri,A (2096) Livorno 2007}) 14... c6 15. Ba4 Ba6 16. Rfd1 (16. Rfe1 $11) 16... Bxc4 $15 17. Rac1 ({Better is} 17. Re1 $15) 17... Qh4 (17... Qb6 $17 {Threatens to win with ...Re2.} 18. b3 Ba6) 18. b3 Re2 $36 {[%mdl 2112] ( -> ...Qxf2+). Double Attack. Black fights for an advantage.} 19. Qd4 $2 {[#]} (19. g3 $1 $11 Rxd2 20. gxh4 Rxd1+ 21. Rxd1) 19... Re1+ $1 $19 {[%mdl 576] Deflection} 20. Rxe1 Qxd4 21. bxc4 dxc4 22. Re3 $2 (22. Red1 Qb2 23. Bxc6) 22... Rd8 {Hoping for ...Qd2!} 23. Rec3 $2 (23. g3) 23... Re8 {aiming for ...Qxc3!Black is clearly winning.} 24. g3 {[#]} (24. R3c2 $142 Qd5 25. g3) 24... Re2 $1 {[%mdl 64] Double Attack} 25. Rf3 Rxa2 26. Bxc6 Ra1 27. Rxa1 Qxa1+ 28. Kg2 Qd4 29. Bb5 Qe4 {Played: Qd4-d5} 0-1

[Event "NOR-ch Youth 2019"]
[Site "Skien"]
[Date "2019.11.09"]
[Round "5.10"]
[White "Unneland, Mathias"]
[Black "Abdrlauf, Elham"]
[Result "0-1"]
[WhiteElo "2029"]
[BlackElo "2244"]
[Annotator "TA"]
[PlyCount "56"]
[EventDate "2019.11.08"]
[EventType "swiss"]
[EventCountry "NOR"]
[SourceTitle "playchess.com"]
[Source "ChessBase"]
[SourceQuality "1"]

{[%evp 10,56,60,25,50,52,61,53,51,53,54,52,68,57,62,59,58,56,57,27,30,29,37,19,23,13,13,6,38,6,23,-16,-9,-50,-42,-68,-56,-127,-21,-264,-269,-328,-322,-318,-329,-405,-393,-536,-414]} 1. d4 Nf6 2. c4 e6 3. Nf3 b6 4. g3 Bb7 5. Bg2 d6 6. O-O g6 {E16: Queen's Indian: 4 g3 Bb7 5 Bg2 Bb4+} 7. Nc3 Bg7 8. d5 O-O {White is slightly better.} 9. e4 e5 (9... Nbd7 10. Rb1 a5 11. Nd4 Nc5 12. b3 Re8 13. Bb2 Qd7 {½-½ (65) Lei,T (2531)-Iturrizaga Bonelli,E (2650) Caleta 2018}) 10. Ne1 Nbd7 11. Nd3 $146 ({Predecessor:} 11. Be3 a5 12. Nd3 Ba6 13. b3 Ne8 14. Rc1 Bc8 15. Kh1 Kh8 {1-0 (65) Grigoriev,A (2157)-Sahin,O (1664) Ordu 2017}) 11... Nc5 12. Nxc5 bxc5 13. Be3 Bc8 14. f3 Nd7 15. Qd2 f5 16. exf5 gxf5 17. Bg5 Nf6 18. Rae1 Qe8 19. Rf2 a6 20. a3 Rb8 21. Rb1 Qg6 22. b4 Nh5 23. Qc1 {[#]} (23. Bh4 $15) 23... Bd7 (23... e4 $1 $17 {...Bxc3 is the strong threat.} 24. Rb3 exf3 25. Rxf3 {[#]} (25. Bxf3 $2 f4 $19) 25... f4 $1 {[%mdl 512]} 26. Bxf4 Bg4) 24. Ne2 $2 {[#]} (24. Bh3 $1 $11 {and White is okay.}) 24... f4 $1 $19 {[%mdl 512]} 25. Bh4 (25. gxf4 exf4) 25... fxg3 26. hxg3 Bh6 27. Qd1 Be3 28. g4 Nf4 {Accuracy: White = 35%, Black = 71%.} 0-1

[Event "NOR-ch Youth 2019"]
[Site "Skien"]
[Date "2019.11.09"]
[Round "5.11"]
[White "Shehzad, Shazil"]
[Black "Tenold, Andreas"]
[Result "1-0"]
[WhiteElo "2173"]
[BlackElo "1838"]
[Annotator "TA"]
[PlyCount "43"]
[EventDate "2019.11.08"]
[EventType "swiss"]
[EventCountry "NOR"]
[SourceTitle "playchess.com"]
[Source "ChessBase"]
[SourceQuality "1"]

{[%evp 17,43,40,49,14,39,13,4,0,102,102,91,99,103,93,92,93,1757,1488,1632,1637,29990,29991,29991,29992,29995,29991,29991,29992]} 1. e4 c5 2. Nf3 e6 3. d4 cxd4 4. Nxd4 Nc6 5. Nc3 Qc7 6. Be3 a6 7. a3 Nf6 8. f4 d6 9. Qf3 Be7 10. O-O-O {B82: Sicilian Scheveningen: 6 f4} (10. Nxc6 bxc6 11. g4 Rb8 12. g5 Nd7 13. b3 d5 14. Bg2 h6 15. h4 hxg5 16. hxg5 Rxh1+ 17. Bxh1 Qa5 {1-0 (42) Sjugirov,S (2663)-Morozevich,A (2656) Khanty-Mansiysk 2018}) 10... O-O 11. Nxc6 bxc6 12. g4 {The position is equal.} e5 $146 {[#]} (12... d5 $11 {remains equal.}) ({Predecessor:} 12... d5 13. g5 Nd7 14. h4 Rb8 15. h5 Bc5 16. Bxc5 Nxc5 17. b4 Nd7 {1-0 (36) Antal,G (2553)-Brink,B (2374) Deutschlandsberg 2019}) 13. f5 $1 $16 d5 {[#] next ...d4 is good for Black.} 14. g5 $1 {[%cal Rg5f6]} (14. exd5 Nxd5 15. Bf2 Bb7 $14) 14... dxe4 15. Nxe4 Nxe4 16. Qxe4 {f6! is the strong threat.} f6 $2 {[%mdl 8192]} (16... g6 $16) 17. Bc4+ Kh8 18. g6 {Qh4! would kill now.} h6 {[#]} 19. Qh4 $1 {[%mdl 512] White mates.} Bxf5 20. Rhg1 Rfd8 21. Rxd8+ Rxd8 {[#]} 22. Bxh6 $1 {[%mdl 512] Accuracy: White = 81%, Black = 45%.} 1-0

[Event "NOR-ch Youth 2019"]
[Site "Skien"]
[Date "2019.11.09"]
[Round "5.12"]
[White "Oye-Stromberg, Alexander"]
[Black "Sekkingstad, Thomas"]
[Result "1-0"]
[WhiteElo "1980"]
[BlackElo "1711"]
[Annotator "NA RC"]
[PlyCount "37"]
[EventDate "2019.11.08"]
[EventType "swiss"]
[EventCountry "NOR"]
[SourceTitle "playchess.com"]
[Source "ChessBase"]
[SourceQuality "1"]
[TimeControl "5400+30"]

1. e4 {[%emt 0:00:00]} c6 {[%emt 0:00:00]} 2. d4 {[%emt 0:00:00]} d5 {[%emt 0:00:00]} 3. f3 {[%emt 0:00:34]} dxe4 {[%emt 0:02:31]} 4. fxe4 {[%emt 0:00:27]} Nf6 {[%emt 0:00:12]} 5. e5 {[%emt 0:00:17]} Nd5 {[%emt 0:02:28]} 6. Nf3 {[%emt 0:00:30] B12: Caro-Kann: Advance Variation} Bf5 {[%emt 0:01:54]} (6... g6 7. Bc4 Bg7 8. O-O O-O 9. h3 h6 10. Nc3 Be6 11. Bb3 a5 12. a4 Nd7 {1-0 (49) Maslak,K (2555)-Gaifullin,A (2448) St Petersburg 2018}) 7. Bd3 {[%emt 0:04:34]} Bxd3 {[%emt 0:05:19]} 8. Qxd3 {[%emt 0:00:26]} e6 {[%emt 0:02:29]} 9. O-O {[%emt 0:01:32]} h6 $146 {[%emt 0:08:16]} ({Predecessor:} 9... Be7 10. c4 Nb6 11. Nc3 O-O 12. Ne4 c5 {1-0 (30) Amores Gago,J (2167)-Skok,J (2008) Latschach 2013}) 10. c4 {[%emt 0:04:17]} Nb4 {[%emt 0:05:08]} 11. Qb3 {[%emt 0:00:54]} Qc7 {[%emt 0:06:39]} 12. Nc3 {[%emt 0:06:07]} c5 {[%emt 0:12:11]} 13. a3 {[%emt 0:10:18]} N4a6 {[%emt 0:08:39]} 14. d5 {[%emt 0:02:13]} Nd7 {[%emt 0:08:47]} 15. Bf4 {[%emt 0:09:39]} Rd8 $2 {[%emt 0:14:03]} (15... O-O-O 16. Nb5 Qb6) 16. Rae1 {[%emt 0:01:47]} Qb6 {[%emt 0:03:34]} 17. Qc2 {[%emt 0:02:17]} exd5 {[%emt 0:00:29]} (17... Nb4 $142 18. axb4 cxb4+ 19. Be3 Bc5) 18. e6 {[%emt 0:03:03]} Nf6 {[%emt 0:02:02]} 19. Ne5 $18 {[%emt 0:02:45]} 1-0

[Event "NOR-ch Youth 2019"]
[Site "Skien"]
[Date "2019.11.09"]
[Round "5.13"]
[White "Nordquelle, Amelia"]
[Black "Eliseev, Sergey"]
[Result "0-1"]
[WhiteElo "1670"]
[BlackElo "1911"]
[Annotator "NA RC"]
[PlyCount "58"]
[EventDate "2019.11.08"]
[EventType "swiss"]
[EventCountry "NOR"]
[SourceTitle "playchess.com"]
[Source "ChessBase"]
[SourceQuality "1"]
[TimeControl "5400+30"]

1. d4 {[%emt 0:00:19]} Nf6 {[%emt 0:00:32]} 2. c4 {[%emt 0:00:44]} e6 {[%emt 0:01:06]} 3. Nc3 {[%emt 0:00:24]} d5 {[%emt 0:00:49]} 4. Nf3 {[%emt 0:03:21]} c5 {[%emt 0:04:43]} 5. dxc5 {[%emt 0:02:16]} Bxc5 {[%emt 0:08:04]} 6. Bg5 {[%emt 0:00:30] D40: Queen's Gambit Declined: Semi-Tarrasch with 5 e3} (6. cxd5 exd5 7. e3 O-O 8. Be2 Nc6 9. O-O a6 10. b3 Bg4 11. Bb2 Ba7 12. Nd4 Bxd4 13. Bxg4 Be5 14. Bf3 Qd6 15. g3 Rad8 16. Rb1 d4 17. exd4 Bxd4 18. Na4 b5 19. Bxc6 Bxf2+ 20. Kxf2 Qxc6 {½-½ (61) Enkhnar,E (2374)-Batchuluun,T (2537) Murun 2019}) 6... d4 {[%emt 0:00:30]} 7. Na4 $146 {[%emt 0:00:30]} ({Predecessor:} 7. Ne4 Nxe4 8. Bxd8 Bb4+ 9. Nd2 Bxd2+ 10. Qxd2 Nxd2 11. Kxd2 Kxd8 12. g3 Bd7 13. Bg2 Bc6 14. Bxc6 Nxc6 {0-1 (21) Secondi,A (1496)-Woodhouse,S (1720) ICCF email 2015}) 7... Bb4+ {[%emt 0:00:30]} 8. Bd2 {[%emt 0:00:30]} Qa5 {[%emt 0:00:30]} 9. a3 {[%emt 0:00:30]} Bxd2+ {[%emt 0:00:30]} 10. Nxd2 {[%emt 0:00:30]} Bd7 {[%emt 0:00:30]} 11. b3 {[%emt 0:00:30]} Bxa4 {[%emt 0:00:30]} 12. bxa4 {[%emt 0:00:30]} Ne4 {[%emt 0:00:30]} 13. g3 {[%emt 0:00:30]} Na6 {[%emt 0:00:30]} 14. Bg2 {[%emt 0:00:30]} Nac5 {[%emt 0:00:30]} 15. Bxe4 {[%emt 0:00:30]} Nxe4 {[%emt 0:00:30]} 16. Qc2 {[%emt 0:00:30]} Nc5 {[%emt 0:00:30]} 17. O-O {[%emt 0:00:30]} Qxa4 {[%emt 0:00:30]} 18. Qxa4+ {[%emt 0:00:30]} Nxa4 {[%emt 0:00:30]} 19. Nf3 {[%emt 0:00:30]} Rd8 {[%emt 0:00:30]} 20. Rfd1 {[%emt 0:00:30]} Nc3 {[%emt 0:00:30]} 21. Rd2 {[%emt 0:00:30]} f6 {[%emt 0:00:30]} 22. Rc1 {[%emt 0:00:30]} e5 {[%emt 0:00:30]} 23. Rb2 {[%emt 0:00:30] [#]} (23. c5 $17 {was necessary.}) 23... b6 $1 {[%emt 0:00:30]} 24. e3 {[%emt 0:00:30] [#]} Na4 $1 {[%emt 0:00:30]} 25. Rb4 {[%emt 0:00:30] [#]} Nc5 $1 {[%emt 0:00:30]} 26. Rd1 {[%emt 0:00:30]} dxe3 {[%emt 0:00:30]} 27. Rxd8+ {[%emt 0:00:30]} Kxd8 {[%emt 0:00:30]} 28. fxe3 {[%emt 0:26:44]} Kc7 {[%emt 0:22:56]} 29. Kf2 $19 {[%emt 0:00:30]} (29. Rb2 $142 Kd7 30. Kf1) 29... Nd3+ {[%emt 0:00:30] Double Attack} 0-1

[Event "NOR-ch Youth 2019"]
[Site "Skien"]
[Date "2019.11.09"]
[Round "5.14"]
[White "Kvaloy, Aksel Bu"]
[Black "Austad, Eirik"]
[Result "1-0"]
[WhiteElo "2209"]
[BlackElo "1753"]
[Annotator "TA"]
[PlyCount "47"]
[EventDate "2019.11.08"]
[EventType "swiss"]
[EventCountry "NOR"]
[SourceTitle "playchess.com"]
[Source "ChessBase"]
[SourceQuality "1"]

{[%evp 10,47,34,38,47,47,62,59,66,39,42,35,32,0,0,-30,-21,-6,-13,-19,-6,-20,77,111,214,95,104,125,97,79,112,140,1035,968,959,877,1542,1517,1622,1520]} 1. e4 d6 2. d4 Nf6 3. Nc3 c6 4. f4 Qa5 5. Bd3 e5 6. Nf3 {[%cal Rf4e5]} exd4 {B07: Pirc Defence: Miscellaneous Systems} (6... Bg4 7. Be3 Nbd7 8. O-O Be7 9. h3 Bxf3 10. Qxf3 O-O 11. Ne2 Bd8 12. c3 b5 13. a3 Qa4 14. Rad1 Qb3 15. Rd2 Nb6 16. dxe5 dxe5 17. fxe5 Nfd7 18. Nd4 Qa4 19. Nxc6 {1-0 (47) Karjakin,S (2753)-Petrosian,T (2598) St Petersburg 2018}) 7. Nxd4 Be7 8. Be3 O-O {White is slightly better.} 9. Qe2 $146 ({Predecessor:} 9. Nb3 Qc7 10. Be2 b5 11. a3 Nbd7 12. O-O a5 13. Bf3 Bb7 14. Nd4 {½-½ (48) Alemanni,M (2147)-Pasta,P (2137) ICCF email 2013}) 9... Re8 10. h3 Bf8 11. O-O-O b5 12. Nb3 Qc7 13. Bd4 $36 {[%mdl 2048] White has the initiative.} Nbd7 14. g4 $1 b4 15. g5 $1 bxc3 (15... Nd5 $1 $11 {remains equal.} 16. Nxd5 cxd5) 16. gxf6 $16 cxb2+ {[#]} (16... g6 $16) 17. Bxb2 ({Weaker is} 17. Kxb2 g6 $15) (17. Kb1 $1 $18 {and the rest is easy. aiming for fxg7.} g6 18. h4 (18. Kxb2 $2 d5 $19) (18. Bxb2 a5 $17)) 17... g6 18. h4 {Black must now prevent h5.} d5 {...Nxf6! is the strong threat.} 19. h5 {Strongly threatening hxg6.} Qxf4+ {[#]} 20. Kb1 $1 Nb6 $2 {[%mdl 8192]} (20... g5 $16) 21. hxg6 $18 {White is clearly winning.} hxg6 22. Rdf1 Qg3 23. Rfg1 Qf4 24. Qh5 {Accuracy: White = 56%, Black = 45%.} 1-0

[Event "NOR-ch Youth 2019"]
[Site "Skien"]
[Date "2019.11.09"]
[Round "5.15"]
[White "Hausken, Aleksander Skrede"]
[Black "Tunsjo, Axel"]
[Result "0-1"]
[WhiteElo "1403"]
[BlackElo "2038"]
[Annotator "NA RC"]
[PlyCount "84"]
[EventDate "2019.11.08"]
[EventType "swiss"]
[EventCountry "NOR"]
[SourceTitle "playchess.com"]
[Source "ChessBase"]
[SourceQuality "1"]
[TimeControl "5400+30"]

1. e4 {[%emt 0:02:32]} c5 {[%emt 0:00:30]} 2. Nc3 {[%emt 0:00:43]} Nc6 {[%emt 0:00:10]} 3. Bb5 {[%emt 0:00:21]} g6 {[%emt 0:00:55]} 4. f4 {[%emt 0:01:44]} Nd4 {[%emt 0:01:51]} 5. Bc4 {[%emt 0:02:09]} Bg7 {[%emt 0:00:06]} 6. Nf3 {[%emt 0:01:23]} d6 {[%emt 0:00:21]} 7. O-O {[%emt 0:00:59]} e6 {[%emt 0:02:59] B23: Closed Sicilian: Lines without g3} 8. Ne2 {[%emt 0:01:22]} (8. e5 Nxf3+ 9. Qxf3 d5 10. Bb5+ Bd7 11. Bxd7+ Qxd7 12. d4 cxd4 13. Ne2 Ne7 14. Nxd4 Nc6 15. Nb3 {0-1 (65) Sutovsky,E (2657)-Tiviakov,S (2631) Bled 2002}) 8... Ne7 {[%emt 0:01:01]} 9. Nexd4 {[%emt 0:00:40]} cxd4 {[%emt 0:00:19]} 10. d3 $146 {[%emt 0:02:27]} ({Predecessor:} 10. Bb5+ Nc6 11. e5 O-O 12. Bxc6 bxc6 13. c3 Ba6 14. Re1 d3 15. Re4 {0-1 (26) Loss,V (1397)-Caldeira,A (2178) Concordia 2019}) 10... O-O {[%emt 0:00:15]} 11. b3 {[%emt 0:00:04]} d5 {[%emt 0:00:48]} 12. exd5 {[%emt 0:01:47]} Nxd5 {[%emt 0:00:06]} 13. Bxd5 {[%emt 0:01:32]} Qxd5 {[%emt 0:00:09]} 14. Bb2 {[%emt 0:01:10]} b6 {[%emt 0:01:02]} 15. Qe2 {[%emt 0:01:29]} Bb7 {[%emt 0:00:09]} 16. Rae1 {[%emt 0:01:42]} Rfc8 {[%emt 0:03:05]} 17. Rf2 {[%emt 0:02:17]} Rc7 {[%emt 0:01:29]} 18. a4 {[%emt 0:04:47]} Rac8 {[%emt 0:01:14]} 19. Rc1 {[%emt 0:01:09]} Qd6 {[%emt 0:04:16]} 20. Ne5 {[%emt 0:01:27]} Bd5 {[%emt 0:02:08]} 21. Nc4 {[%emt 0:04:12]} Qd8 {[%emt 0:06:58]} 22. Rff1 {[%emt 0:04:24]} h5 {[%emt 0:02:16]} 23. Qf2 {[%emt 0:00:49]} Bxc4 {[%emt 0:01:15]} 24. dxc4 {[%emt 0:00:43]} Rd7 {[%emt 0:00:09]} 25. Rcd1 {[%emt 0:01:53]} Qf6 {[%emt 0:00:17]} 26. Rfe1 {[%emt 0:03:06]} Rcd8 {[%emt 0:01:23]} 27. Re5 {[%emt 0:02:17]} Bh6 {[%emt 0:07:56]} 28. Re4 {[%emt 0:04:55]} Bg7 {[%emt 0:00:09]} 29. Re5 {[%emt 0:00:15]} Qe7 {[%emt 0:00:06]} 30. Re4 {[%emt 0:01:00]} Qc5 {[%emt 0:00:17]} ({Black should play} 30... d3 $17 31. Bxg7 dxc2) 31. Rd3 {[%emt 0:00:58]} Qf5 {[%emt 0:03:18]} 32. Qf3 {[%emt 0:05:47]} Qg4 {[%emt 0:11:42]} (32... a6 $15) 33. Qxg4 {[%emt 0:00:50]} hxg4 {[%emt 0:00:01]} 34. Kf2 {[%emt 0:00:38]} Rd6 {[%emt 0:00:36]} 35. Kg3 {[%emt 0:00:47]} (35. Ba3 $14 {stays ahead.}) 35... f5 {[%emt 0:00:51]} 36. Re2 {[%emt 0:00:45]} Kf7 {[%emt 0:00:14]} 37. Re1 {[%emt 0:01:22]} (37. Kf2 $15) 37... Bf6 {[%emt 0:01:10]} 38. Re2 {[%emt 0:02:27]} (38. Red1 $11 {remains equal.}) 38... g5 {[%emt 0:05:40]} 39. Ba3 {[%emt 0:01:11]} (39. Bc1 $17) 39... R6d7 {[%emt 0:04:37]} 40. Bc1 {[%emt 0:01:05]} gxf4+ {[%emt 0:01:00]} 41. Bxf4 {[%emt 0:00:40]} Rh8 {[%emt 0:02:29]} 42. Re1 {[%emt 0:00:03]} (42. Kf2 $17) 42... Bh4# {Skewer} 0-1

[Event "NOR-ch Youth 2019"]
[Site "Skien"]
[Date "2019.11.09"]
[Round "5.16"]
[White "Strand, Vetle Bjorge"]
[Black "Olsen, William Alexander"]
[Result "0-1"]
[WhiteElo "1695"]
[BlackElo "1842"]
[Annotator "NA RC"]
[PlyCount "58"]
[EventDate "2019.11.08"]
[EventType "swiss"]
[EventCountry "NOR"]
[SourceTitle "playchess.com"]
[Source "ChessBase"]
[SourceQuality "1"]
[TimeControl "5400+30"]

1. d4 {[%emt 0:00:00]} Nf6 {[%emt 0:00:00]} 2. c4 {[%emt 0:00:00]} e6 {[%emt 0:00:00]} 3. Nf3 {[%emt 0:00:00]} b6 {[%emt 0:00:00]} 4. Nc3 {[%emt 0:00:00]} Bb4 {[%emt 0:00:08]} 5. Bg5 {[%emt 0:00:51]} Bb7 {[%emt 0:00:30]} 6. e3 {[%emt 0:00:13]} h6 {[%emt 0:00:04]} 7. Bh4 {[%emt 0:00:05]} g5 {[%emt 0:00:11]} 8. Bg3 {[%emt 0:00:26]} Ne4 {[%emt 0:00:27]} 9. Qc2 {[%emt 0:00:45]} d6 {[%emt 0:00:37]} 10. a3 {[%emt 0:01:07]} Bxc3+ {[%emt 0:00:08]} 11. bxc3 {[%emt 0:00:18]} Nd7 {[%emt 0:00:28]} 12. Nd2 {[%emt 0:03:49]} f5 {[%emt 0:03:23]} 13. f3 {[%emt 0:04:53]} Nxg3 {[%emt 0:01:40]} 14. hxg3 {[%emt 0:00:01]} Qf6 {[%emt 0:01:38]} 15. Bd3 {[%emt 0:07:38]} c5 {[%emt 0:02:57]} 16. Nb3 {[%emt 0:06:17]} cxd4 {[%emt 0:09:07]} 17. cxd4 {[%emt 0:02:20]} Rc8 {[%emt 0:01:38]} 18. Qe2 {[%emt 0:09:14]} e5 {[%emt 0:03:37]} 19. d5 {[%emt 0:27:51]} e4 {[%emt 0:03:25]} 20. Bc2 {[%emt 0:04:43]} Ba6 {[%emt 0:02:21]} 21. Rd1 {[%emt 0:06:12]} Bxc4 {[%emt 0:00:43]} 22. Qd2 {[%emt 0:01:22]} Bxb3 {[%emt 0:02:27]} 23. Bxb3 {[%emt 0:00:02]} Qc3 {[%emt 0:00:44]} 24. Qxc3 {[%emt 0:02:30]} Rxc3 {[%emt 0:00:12]} 25. Rb1 {[%emt 0:00:54]} Nc5 {[%emt 0:01:01]} 26. Bd1 {[%emt 0:01:32]} Rxe3+ {[%emt 0:00:25]} 27. Kf2 {[%emt 0:00:48]} Rxa3 {[%emt 0:00:06]} 28. Be2 {[%emt 0:01:30]} Kf7 {[%emt 0:03:27]} 29. Ra1 {[%emt 0:00:14]} e3+ {[%emt 0:00:15]} 0-1

[Event "NOR-ch Youth 2019"]
[Site "Skien"]
[Date "2019.11.09"]
[Round "5.17"]
[White "Helliesen, Lykke-Merlot"]
[Black "Digernes, Mikael"]
[Result "0-1"]
[WhiteElo "1619"]
[BlackElo "1715"]
[Annotator "NA RC"]
[PlyCount "66"]
[EventDate "2019.11.08"]
[EventType "swiss"]
[EventCountry "NOR"]
[SourceTitle "playchess.com"]
[Source "ChessBase"]
[SourceQuality "1"]
[TimeControl "5400+30"]

1. d4 {[%emt 0:00:00]} Nf6 {[%emt 0:00:00]} 2. c4 {[%emt 0:00:00]} g6 {[%emt 0:00:00]} 3. Nc3 {[%emt 0:00:00]} Bg7 {[%emt 0:00:05]} 4. e4 {[%emt 0:00:11]} d6 {[%emt 0:00:30]} 5. Bd3 {[%emt 0:00:21]} O-O {[%emt 0:01:03]} 6. Nge2 {[%emt 0:00:23]} e5 {[%emt 0:00:58]} 7. d5 {[%emt 0:01:13]} a5 {[%emt 0:02:15]} 8. O-O {[%emt 0:04:07]} Na6 {[%emt 0:01:58]} 9. Ng3 {[%emt 0:02:34]} Nc5 {[%emt 0:03:51]} 10. Bc2 {[%emt 0:02:51]} c6 {[%emt 0:07:30]} 11. Na4 {[%emt 0:09:38]} Na6 {[%emt 0:08:42]} 12. a3 {[%emt 0:03:32]} Rb8 {[%emt 0:04:31]} 13. Nc3 {[%emt 0:08:05]} Qc7 {[%emt 0:04:19]} 14. Be3 {[%emt 0:05:40]} b5 {[%emt 0:05:38]} 15. cxb5 {[%emt 0:16:38]} cxb5 {[%emt 0:05:31]} 16. Bd3 {[%emt 0:02:44]} Bd7 {[%emt 0:07:46]} 17. a4 {[%emt 0:10:47]} b4 {[%emt 0:09:46]} 18. Bxa6 {[%emt 0:03:32]} bxc3 {[%emt 0:00:37]} 19. bxc3 {[%emt 0:00:47]} Qxc3 {[%emt 0:01:35]} 20. Rc1 {[%emt 0:04:26]} Qb3 {[%emt 0:07:36]} 21. Qxb3 {[%emt 0:01:24]} Rxb3 {[%emt 0:00:15]} 22. Rc4 {[%emt 0:01:52]} Rfb8 {[%emt 0:05:06]} 23. Rfc1 {[%emt 0:02:27]} Ra3 {[%emt 0:02:14]} 24. Bb5 {[%emt 0:04:39]} Bxb5 {[%emt 0:05:28]} 25. axb5 {[%emt 0:00:13]} Ng4 {[%emt 0:02:15]} 26. Rc8+ {[%emt 0:04:40]} Rxc8 {[%emt 0:00:17]} 27. Rxc8+ {[%emt 0:00:10]} Bf8 {[%emt 0:00:32]} 28. Ba7 {[%emt 0:00:47]} Ra1+ {[%emt 0:01:52]} 29. Nf1 {[%emt 0:00:02]} Rb1 {[%emt 0:00:46]} 30. b6 {[%emt 0:00:58]} a4 {[%emt 0:07:37]} 31. Rc3 {[%emt 0:00:44]} Nf6 {[%emt 0:00:54]} 32. Ra3 {[%emt 0:07:22]} Nxe4 {[%emt 0:00:57]} 33. Rxa4 {[%emt 0:01:57]} Nc3 {[%emt 0:02:24]} 0-1

[Event "NOR-ch Youth 2019"]
[Site "Skien"]
[Date "2019.11.09"]
[Round "5.18"]
[White "Steensen, Oskar"]
[Black "Nilsen, Henrik Lauvsnes"]
[Result "1-0"]
[WhiteElo "1457"]
[BlackElo "1169"]
[Annotator "NA RC"]
[PlyCount "97"]
[EventDate "2019.11.08"]
[EventType "swiss"]
[EventCountry "NOR"]
[SourceTitle "playchess.com"]
[Source "ChessBase"]
[SourceQuality "1"]
[TimeControl "5400+30"]

1. c4 {[%emt 0:00:00]} g6 {[%emt 0:00:09]} 2. d4 {[%emt 0:00:00]} c6 {[%emt 0:02:25]} 3. e4 {[%emt 0:00:11]} Bg7 {[%emt 0:01:03]} 4. Nc3 {[%emt 0:00:28]} d6 {[%emt 0:01:48]} 5. Be3 {[%emt 0:00:31]} f5 {[%emt 0:04:49]} 6. h4 {[%emt 0:00:29]} Nf6 {[%emt 0:04:39]} 7. Bd3 {[%emt 0:00:41]} fxe4 {[%emt 0:04:25]} 8. Nxe4 {[%emt 0:00:09]} Nxe4 {[%emt 0:00:47]} 9. Bxe4 {[%emt 0:00:09]} Nd7 {[%emt 0:05:52]} 10. Bg5 {[%emt 0:02:47]} Qb6 {[%emt 0:09:53]} 11. Qe2 {[%emt 0:00:51]} Qxd4 {[%emt 0:05:03]} 12. Bxg6+ {[%emt 0:00:11]} Kd8 {[%emt 0:02:22]} 13. Bxe7+ {[%emt 0:00:44]} Kc7 {[%emt 0:01:00]} 14. Rd1 {[%emt 0:00:19]} Qxd1+ {[%emt 0:08:14]} 15. Qxd1 {[%emt 0:00:16]} Be5 {[%emt 0:01:58]} 16. Bh5 {[%emt 0:00:28]} Rg8 {[%emt 0:01:45]} 17. Nf3 {[%emt 0:01:14]} Rg7 {[%emt 0:01:17]} 18. Bg5 {[%emt 0:00:22]} h6 {[%emt 0:01:39]} 19. Bxh6 {[%emt 0:01:22]} Re7 {[%emt 0:00:59]} 20. Nxe5 {[%emt 0:00:22]} Nxe5 {[%emt 0:00:57]} 21. O-O {[%emt 0:00:44]} Be6 {[%emt 0:01:35]} 22. b3 {[%emt 0:00:40]} Rg8 {[%emt 0:01:52]} 23. Bf4 {[%emt 0:00:46]} Bh3 {[%emt 0:03:20]} 24. Bf3 {[%emt 0:00:55]} Rf7 {[%emt 0:04:27]} 25. Bxe5 {[%emt 0:00:19]} dxe5 {[%emt 0:01:55]} 26. Kh2 {[%emt 0:00:33]} Bf5 {[%emt 0:03:22]} 27. Qe2 {[%emt 0:00:44]} Re7 {[%emt 0:01:23]} 28. Be4 {[%emt 0:00:17]} Bg4 {[%emt 0:01:00]} 29. f3 {[%emt 0:01:03]} Bd7 {[%emt 0:01:50]} 30. g4 {[%emt 0:00:13]} Reg7 {[%emt 0:01:09]} 31. Kg3 {[%emt 0:01:00]} Kd8 {[%emt 0:02:21]} 32. h5 {[%emt 0:00:19]} Ke7 {[%emt 0:00:47]} 33. h6 {[%emt 0:00:10]} Rf7 {[%emt 0:00:09]} 34. h7 {[%emt 0:00:19]} Rh8 {[%emt 0:00:20]} 35. f4 {[%emt 0:00:19]} Kf8 {[%emt 0:01:32]} 36. fxe5 {[%emt 0:00:13]} Rxf1 {[%emt 0:00:36]} 37. Qxf1+ {[%emt 0:00:06]} Ke8 {[%emt 0:00:29]} 38. Bg6+ {[%emt 0:00:22]} Kd8 {[%emt 0:00:33]} 39. Qf6+ {[%emt 0:00:09]} Kc7 {[%emt 0:00:12]} 40. Qxh8 {[%emt 0:00:09]} Bxg4 {[%emt 0:00:15]} 41. Qg7+ {[%emt 0:00:16]} Kb6 {[%emt 0:00:17]} 42. b4 {[%emt 0:00:17]} Bf5 {[%emt 0:00:36]} 43. a4 {[%emt 0:00:14]} Bxg6 {[%emt 0:00:12]} 44. c5+ {[%emt 0:00:15]} Ka6 {[%emt 0:00:24]} 45. Qxg6 {[%emt 0:00:30]} b6 {[%emt 0:00:32]} 46. cxb6 {[%emt 0:00:27]} axb6 {[%emt 0:00:50]} 47. Qxc6 {[%emt 0:00:08]} Ka7 {[%emt 0:00:01]} 48. h8=Q {[%emt 0:00:13]} b5 {[%emt 0:00:33]} 49. Qha8# {[%emt 0:00:10]} 1-0